[Event "Rubinstein Memorial-C 55th"]
[Site "Polanica Zdroj"]
[Date "2019.08.20"]
[Round "4"]
[White "Burdzicki, Stanislaw"]
[Black "Majek, Kacper"]
[Result "1/2-1/2"]
[WhiteElo "1785"]
[BlackElo "1984"]
[PlyCount "77"]
[EventDate "2019.08.17"]
[EventType "swiss"]
[EventRounds "9"]
[EventCountry "POL"]
[SourceTitle "EXT 2020"]
[Source "ChessBase"]
[SourceDate "2019.10.17"]
[SourceVersion "1"]
[SourceVersionDate "2019.10.17"]
[SourceQuality "1"]

1. e4 e5 2. Nf3 Nc6 3. Bc4 Bc5 4. c3 Nf6 5. d4 exd4 6. e5 d5 7. Bb5 Ne4 8. cxd4 Bb6 9. Nc3 0-0 10. Be3 Nxc3 11. bxc3 Ne7 12. Qc2 Bf5 13. Bd3 Qd7 14. 0-0 Bxd3 15. Qxd3 Qf5 16. Qe2 Qg4 17. h3 Qh5 18. Kh2 f6 19. exf6 Rxf6 20. g4 Qf7 21. Ne5 Qe6 22. Bg5 h6 23. Bxf6 gxf6 24. f4 c5 25. Qe3 cxd4 26. cxd4 fxe5 27. fxe5 Nc6 28. Rad1 Rf8 29. Rxf8+ Kxf8 30. Rf1+ Kg8 31. Rf4 Nxd4 32. Rxd4 Qc6 33. e6 Bxd4 34. Qxd4 Qxe6 35. Qxa7 Qe5+ 36. Kg2 Qe4+ 37. Kf2 Qf4+ 38. Kg2 Qe4+ 39. Kf2 1/2-1/2

[Event "Rubinstein Memorial-C 55th"]
[Site "Polanica Zdroj"]
[Date "2019.08.17"]
[Round "1"]
[White "Werner, Kacper"]
[Black "Burdzicki, Stanislaw"]
[Result "0-1"]
[WhiteElo "1435"]
[BlackElo "1785"]
[PlyCount "130"]
[EventDate "2019.08.17"]
[EventType "swiss"]
[EventRounds "9"]
[EventCountry "POL"]
[SourceTitle "EXT 2020"]
[Source "ChessBase"]
[SourceDate "2019.10.17"]
[SourceVersion "1"]
[SourceVersionDate "2019.10.17"]
[SourceQuality "1"]

1. e4 c5 2. Nf3 e6 3. d4 cxd4 4. Nxd4 Nc6 5. Be3 Nf6 6. Bd3 Qc7 7. 0-0 Ne5 8. Nc3 Neg4 9. Nf3 Nxe3 10. fxe3 Bc5 11. Qc1 a6 12. Qd2 b5 13. h3 d6 14. Qf2 Bb7 15. Nd2 Bb4 16. Ncb1 Bc5 17. Nc3 Bc6 18. Ne2 Qb7 19. Ng3 Qa7 20. Rae1 h5 21. Qf3 Rh6 22. Qe2 g5 23. Nh1 Qe7 24. Nb3 Bb6 25. Nf2 e5 26. Nd2 Bd7 27. Kh2 Rb8 28. Nh1 h4 29. Nf2 Kd8 30. Ng4 Bxg4 31. hxg4 Qe6 32. Rf5 Bxe3 33. Rxf6 Rxf6 34. Qxe3 Qxg4 35. Be2 Qf4+ 36. Qxf4 Rxf4 37. Kh3 Ke7 38. Bg4 Rd8 39. Nf3 f6 40. c3 d5 41. exd5 Rxd5 42. Bc8 Rd8 43. Bg4 Rd3 44. Bc8 Rd8 45. Bg4 a5 46. Bh5 Rd5 47. Kh2 e4 48. Nd4 f5 49. Re2 Kf6 50. Be8 b4 51. Nc6 bxc3 52. bxc3 Rc5 53. Rc2 Rf1 54. Nd4 Rd1 55. Nb3 Rc8 56. Bb5 g4 57. g3 hxg3+ 58. Kxg3 Kg5 59. c4 f4+ 60. Kf2 Rh8 61. Ke2 Rg1 62. Kd2 Rg2+ 63. Kc3 Rxc2+ 64. Kxc2 g3 65. Nd4 g2 0-1

[Event "POL-chT U20 2nd League"]
[Site "Szczyrk"]
[Date "2017.07.29"]
[Round "10.27"]
[White "Grochol, Kamil"]
[Black "Burdzicki, Stanislaw"]
[Result "1/2-1/2"]
[WhiteElo "1688"]
[BlackElo "1576"]
[PlyCount "202"]
[EventDate "2017.07.22"]
[EventType "team-swiss"]
[EventRounds "11"]
[EventCountry "POL"]
[SourceTitle "EXT 2019"]
[Source "ChessBase"]
[SourceDate "2018.10.10"]
[SourceVersion "1"]
[SourceVersionDate "2018.10.10"]
[SourceQuality "1"]

1. e4 c5 2. Nf3 e6 3. d4 cxd4 4. Nxd4 Nc6 5. Nc3 Qc7 6. Be2 Nf6 7. 0-0 a6 8. Be3 Bb4 9. Nxc6 bxc6 10. Qd4 c5 11. Qc4 Bxc3 12. Qxc3 d6 13. f4 0-0 14. Bf3 Nd7 15. Rad1 Bb7 16. Qd3 Nb6 17. Qxd6 Qxd6 18. Rxd6 Nc4 19. Rd3 Nxb2 20. Rb3 Nc4 21. Bxc5 Rfc8 22. Rxb7 Rxc5 23. Rfb1 Rac8 24. Rb8 g6 25. Rxc8+ Rxc8 26. Be2 Na3 27. Rc1 Nc4 28. Kf2 a5 29. Bxc4 Rxc4 30. Ke3 f5 31. exf5 exf5 32. g3 Kf7 33. Kd3 Ra4 34. Ra1 Re4 35. c4 Ke6 36. Rb1 Kd6 37. Rb6+ Kc7 38. Ra6 Re1 39. Rxa5 Rd1+ 40. Kc3 Kb6 41. Rb5+ Kc6 42. Rb2 Kc5 43. Rb5+ Kc6 44. Rb2 Kc5 45. Rd2 Rc1+ 46. Kd3 h6 47. Rc2 Rd1+ 48. Ke3 Re1+ 49. Kf3 Rf1+ 50. Kg2 Ra1 51. Kh3 Re1 52. g4 Re4 53. gxf5 gxf5 54. Kg3 Rd4 55. a4 Rd3+ 56. Kh4 Rd6 57. Kh5 Rf6 58. Rg2 Ra6 59. Rg6 Rxa4 60. Rxh6 Kxc4 61. Kg5 Ra5 62. Rf6 Ra8 63. Rxf5 Rg8+ 64. Kh4 Kd4 65. Re5 Rf8 66. Kg4 Rg8+ 67. Kf3 Rh8 68. Re2 Rh4 69. f5 Kd5 70. Kg3 Ra4 71. f6 Ra6 72. f7 Rg6+ 73. Kh4 Rf6 74. Re7 Kd6 75. Re1 Rxf7 76. h3 Rh7+ 77. Kg4 Re7 78. Rf1 Ke6 79. Kg5 Rg7+ 80. Kh6 Rf7 81. Rg1 Rf4 82. Kg5 Rf5+ 83. Kh6 Rf4 84. Rg4 Rf5 85. h4 Kf7 86. h5 Kf8 87. Kg6 Rf3 88. Kh7 Rf7+ 89. Kh8 Rf5 90. h6 Rf6 91. h7 Rf5 92. Rg8+ Kf7 93. Rb8 Rf3 94. Rb7+ Kf8 95. Rb8+ Kf7 96. Rg8 Rf1 97. Rg7+ Kf8 98. Rg8+ Kf7 99. Rg7+ Kf8 100. Rg2 Rf3 101. Rg1 Rf4 1/2-1/2

[Event "POL-chT U20 2nd League"]
[Site "Szczyrk"]
[Date "2017.07.24"]
[Round "3.34"]
[White "Syrkiewicz, Michal"]
[Black "Burdzicki, Stanislaw"]
[Result "0-1"]
[WhiteElo "1469"]
[BlackElo "1576"]
[PlyCount "110"]
[EventDate "2017.07.22"]
[EventType "team-swiss"]
[EventRounds "11"]
[EventCountry "POL"]
[SourceTitle "EXT 2019"]
[Source "ChessBase"]
[SourceDate "2018.10.10"]
[SourceVersion "1"]
[SourceVersionDate "2018.10.10"]
[SourceQuality "1"]

1. d4 d5 2. c4 c6 3. Nc3 Nf6 4. Nf3 e6 5. e3 Nbd7 6. Qc2 Bd6 7. Bd3 0-0 8. 0-0 Re8 9. b3 Qe7 10. Bb2 e5 11. dxe5 Nxe5 12. Be2 Nfg4 13. h3 Nxf3+ 14. Bxf3 Ne5 15. Qe2 dxc4 16. bxc4 Be6 17. Rfc1 Bxc4 18. Qd1 Rad8 19. Be2 Nd3 20. Bxd3 Bxd3 21. Qg4 Qe6 22. Qf3 Qf5 23. Qxf5 Bxf5 24. Ne2 Be6 25. Nd4 Bd5 26. Rab1 Ra8 27. a4 Be4 28. Ra1 Rec8 29. f3 Bg6 30. Kf2 f6 31. e4 Be5 32. Rab1 Be8 33. Nf5 Bxb2 34. Rxb2 Rc7 35. Rcb1 b6 36. Ke3 c5 37. Ra1 Rd8 38. Ke2 Kf8 39. Rd2 Rxd2+ 40. Kxd2 a6 41. Kc3 Bc6 42. Rb1 b5 43. axb5 axb5 44. h4 b4+ 45. Kc4 Ba4 46. Ne3 Bc6 47. Ra1 Bb7 48. Ra5 h6 49. Nd1 Bc8 50. Nb2 Be6+ 51. Kd3 c4+ 52. Kc2 c3 53. Nd3 b3+ 54. Kb1 Rd7 55. Nc1 b2 0-1

[Event "POL-chT U20 2nd League"]
[Site "Szczyrk"]
[Date "2017.07.22"]
[Round "1.3"]
[White "Burdzicki, Stanislaw"]
[Black "Golenia, Wojciech"]
[Result "0-1"]
[WhiteElo "1576"]
[BlackElo "1914"]
[PlyCount "70"]
[EventDate "2017.07.22"]
[EventType "team-swiss"]
[EventRounds "11"]
[EventCountry "POL"]
[SourceTitle "EXT 2019"]
[Source "ChessBase"]
[SourceDate "2018.10.10"]
[SourceVersion "1"]
[SourceVersionDate "2018.10.10"]
[SourceQuality "1"]

1. d4 d5 2. c4 e6 3. cxd5 exd5 4. Nc3 Nf6 5. Bg5 Be7 6. e3 c6 7. Nf3 Bg4 8. Be2 Nbd7 9. 0-0 0-0 10. h3 Bh5 11. Qc2 Ne4 12. Bxe7 Qxe7 13. Ne1 Bg6 14. Nd3 f5 15. Nf4 Bf7 16. Bd3 g5 17. Bxe4 dxe4 18. Nfe2 Nb6 19. Na4 Nd5 20. Qc5 Qf6 21. Ng3 Bg6 22. Nc3 Qe6 23. Nxd5 cxd5 24. f4 exf3 25. Rxf3 f4 26. exf4 gxf4 27. Raf1 Rfc8 28. Qa3 fxg3 29. Rf6 Qd7 30. h4 Qg7 31. Qf3 Be4 32. Qh5 Rc2 33. R1f4 Rc1+ 34. Rf1 Qxf6 35. Qg4+ Kh8 0-1